Score 0/299 Timer 10:00
0 Plays Today
Hint Answer % Correct
Steven:Here we are in the future!
95.9%
Here we are in the future and it's bright!
95.9%
here
95.9%
her
95.9%
Here we are in the future!
95.9%
her
95.9%
Steven and Pearl:Here we are in the future!
95.9%
her
95.9%
her.
95.9%
Steven and Garnet:Here we are in the future!
95.9%
here
95.9%
All:Here we are in the future and it's bright
95.9%
Here we are!
95.9%
on
93.6%
No
93.3%
no
93.3%
No
93.3%
to
92.1%
to
92.1%
to
92.1%
to
92.1%
to
92.1%
to
92.1%
to
92.1%
to
92.1%
to
92.1%
to
92.1%
to
92.1%
we
91.8%
We
91.8%
We
91.8%
we . . .
91.8%
a
91.4%
a
91.4%
And
91.4%
the
91.4%
the
91.4%
a
91.4%
the
91.4%
the
91.4%
And
91.4%
the
91.4%
And
91.4%
and
91.4%
and
91.4%
the
91.4%
a
91.4%
a
91.4%
the
91.4%
And
91.4%
a
91.4%
And
91.4%
a
91.4%
the
91.4%
A
91.4%
a
91.4%
a
91.4%
and
91.4%
and
91.4%
a
91.4%
and
91.4%
us,
91.4%
the
91.4%
Once
90.6%
Pearl:Once
90.6%
Garnet:Once
90.6%
Amethyst:Once
90.6%
upon
90.3%
be
90.3%
be
90.3%
upon
90.3%
be
90.3%
be
90.3%
upon
90.3%
upon
90.3%
be,
90.3%
be
90.3%
Not
89.9%
are!
89.1%
are
89.1%
ever
88.8%
time
88.8%
time
88.8%
time
88.8%
time
88.8%
one
88.4%
fight.
88.4%
Happily
88.4%
after,
88.4%
after
88.4%
one
88.4%
fight.
88.4%
Happily ever after (3x)
88.4%
so
88%
so
88%
so
88%
Nothing
87.6%
in
87.6%
in
87.6%
in
87.6%
Hint Answer % Correct
in
87.6%
in.
87.6%
nothing
87.6%
in
87.6%
Nothing
87.6%
fear.
87.3%
fear.
87.3%
I
86.9%
I
86.9%
I
86.9%
an
86.9%
I
86.9%
I
86.9%
I
86.9%
I
86.9%
I
86.9%
I
86.9%
I
86.9%
I
86.9%
I
86.9%
I
86.9%
I
86.9%
I
86.9%
I
86.9%
I
86.9%
I
86.9%
I
86.9%
I
86.9%
can't
86.5%
come
86.5%
can't
86.5%
come
86.5%
we've
86.1%
we've
86.1%
far.
85.8%
I'd
85.8%
my
85.8%
I'd
85.8%
my
85.8%
my
85.8%
far!
85.8%
believe
85%
that
85%
that-
85%
that
85%
that-
85%
that
85%
believe
85%
of
84.3%
of
84.3%
of
84.3%
of
84.3%
of
84.3%
of
84.3%
thought
83.9%
mother's
83.9%
shadow,
83.9%
thought
83.9%
end,
83.9%
it!
83.1%
always
82%
always
82%
Pink
82%
Sapphire
82%
Ruby
82%
Ruby
82%
all
81.6%
me
81.6%
all
81.6%
me
81.6%
But
81.3%
but-
81.3%
but
81.3%
But
81.3%
power
80.9%
Diamond's
80.9%
who
80.9%
own
80.1%
came
80.1%
came
80.1%
for
79.8%
'Til
79.8%
'Til
79.8%
just
79.4%
did
79.4%
was
79.4%
free.
79.4%
never
79.4%
Earth
79.4%
was
79.4%
was,
79.4%
never
79.4%
just
79.4%
endless
79%
battle,
79%
this
79%
she
79%
this
79%
this
79%
service.
78.8%
Hint Answer % Correct
set
78.7%
set
78.7%
with
78.3%
crimes.
77.9%
now
77.9%
side.
77.9%
now
77.9%
began
77.5%
lived
77.5%
hold
77.5%
love
76.8%
tears
76.8%
fantasy!
76.4%
left
76.4%
cried,
76.4%
day.
76%
day
76%
saved
75.7%
saved!
75.7%
us
75.7%
answering
75.3%
if
75.3%
Steven:If
75.3%
could
74.9%
planet's
74.9%
our
74.9%
they
74.9%
were
74.9%
could
74.9%
surface.
74.5%
became
74.5%
soldier.
74.5%
fusing.
74.5%
galaxy
74.2%
Suddenly
74.2%
guess
73.8%
confusing.
73.8%
whole
73.4%
only
73%
rushed
73%
two
72.7%
had
72.7%
had
72.7%
war
72.3%
world.
71.9%
until
71.9%
hone
71.5%
part
71.5%
part
71.5%
strange,
71.2%
every
70.8%
sure
70.4%
idea
70.4%
down
70%
stronger
69.7%
loss
69.7%
out
69.7%
fate
68.9%
you
68.9%
told
68.9%
you
68.9%
there
68.5%
life
68.5%
would
68.2%
alone.
68.2%
Kindergarten.
67.8%
find
67.4%
then,
67%
home.
67%
it's
66.7%
Beautiful,
66.3%
believed
66.3%
I'm
66.3%
have
65.5%
feel
65.2%
future!
65.2%
growing
64.8%
bundle
64.4%
product
64.4%
family.
64.4%
know
64%
late
63.7%
Knew
63.7%
Sapphire's
63.3%
inside
62.5%
right
62.5%
s'posed
62.2%
deadly
61.8%
stop
61.8%
burst
61.4%
snuck
60.3%
I've
57.7%
finally
56.9%
finally
56.9%
finally
56.9%
naive.
56.6%
exactly
55.8%
questions,
55.1%
done,
51.7%

You're not logged in!

Compare scores with friends on all Sporcle quizzes.
OR
Log In

Sporcle TV

Today on Sporcle TV


Watch our educational content, quiz creation guides, and fun videos on Sporcle TV.

Show Comments

Extras

Top Quizzes Today


Score Distribution

Paid Content

Your Account Isn't Verified!

In order to create a playlist on Sporcle, you need to verify the email address you used during registration. Go to your Sporcle Settings to finish the process.

Report this User

Report this user for behavior that violates our Community Guidelines.

Details: